[Event "CZE-tht Extraliga 2018-19"]
[Site "Czech Republic"]
[Date "2019.02.09"]
[Round "7"]
[White "Sharashenidze, Akaki"]
[Black "Studnicka, Tomas"]
[Result "0-1"]
[WhiteElo "2367"]
[BlackElo "2315"]
[Annotator "NA"]
[PlyCount "98"]
[EventDate "2018.11.03"]
[EventType "team-tourn"]
[EventCountry "CZE"]
[SourceTitle "playchess.com"]
[Source "ChessBase"]
[SourceQuality "1"]
[WhiteTeam "Poruba"]
[BlackTeam "Turnov"]
[TimeControl "40/5400+30:1800+30"]

1. e4 {[%emt 0:00:00]} e5 {[%emt 0:00:00]} 2. Nf3 {[%emt 0:00:00]} Nf6 {[%emt 0:00:00]} 3. Nc3 {[%emt 0:02:04]} Nc6 {[%emt 0:00:00]} 4. Bb5 {[%emt 0:01:35]} Bb4 {[%emt 0:00:00]} 5. d3 {[%emt 0:02:08]} d6 {[%emt 0:00:17]} 6. Bg5 {[%emt 0:00:59]} h6 {[%emt 0:01:42] C49: Four Knights: 4 Bb5 Bb4} 7. Bh4 {[%emt 0:03:24]} Bd7 {[%emt 0:01:52]} (7... g5 8. Bg3 Bg4 9. h4 Nh5 10. hxg5 hxg5 11. Qd2 Bxf3 12. gxf3 Qf6 13. O-O-O O-O-O 14. a3 Bxc3 15. bxc3 Qxf3 16. Bxc6 bxc6 17. Qxg5 {0-1 (36) Legaspi,R (2315)-Iuldachev,S (2520) Kuala Lumpur 2008}) 8. a3 $146 {[%emt 0:03:10]} ({Predecessor:} 8. O-O g5 9. Bg3 h5 10. h4 Bg4 11. Nd5 Nxd5 12. exd5 a6 13. Bxc6+ bxc6 14. c3 {½-½ (28) Pulpan,J (2102)-Gazik,I (2321) Litomysl 2014}) 8... Bxc3+ {[%emt 0:07:15]} 9. bxc3 {[%emt 0:00:06]} g5 {[%emt 0:05:48]} 10. Bg3 {[%emt 0:00:12]} Ne7 {[%emt 0:02:16]} 11. Bxd7+ {[%emt 0:04:11]} Qxd7 {[%emt 0:05:16]} 12. Nd2 {[%emt 0:00:25]} Ng6 {[%emt 0:00:48]} 13. f3 {[%emt 0:02:41]} h5 {[%emt 0:06:46]} 14. Qb1 {[%emt 0:03:49]} b6 {[%emt 0:04:56]} 15. a4 {[%emt 0:00:48]} a5 {[%emt 0:00:12]} (15... h4 $5 {[%cal Rh4g3]} 16. Bf2 Nf4 $15) 16. d4 {[%emt 0:14:31]} (16. h4 $11 {was the only way to keep the balance.}) 16... h4 {[%emt 0:10:17]} 17. Bf2 {[%emt 0:00:59]} Nf4 {[%emt 0:00:04]} 18. Rg1 {[%emt 0:01:55]} g4 {[%emt 0:01:43]} 19. Qb5 {[%emt 0:01:47]} Qxb5 {[%emt 0:06:09]} 20. axb5 {[%emt 0:00:03]} O-O-O {[%emt 0:01:19]} 21. Be3 {[%emt 0:02:18]} h3 $17 {[%emt 0:10:14]} 22. Bxf4 {[%emt 0:16:37]} exf4 {[%emt 0:00:06]} 23. O-O-O {[%emt 0:01:20]} g3 {[%emt 0:09:58]} 24. Nf1 {[%emt 0:02:09]} Rdg8 {[%emt 0:02:15]} 25. Rd2 {[%emt 0:01:31]} gxh2 {[%emt 0:04:13]} 26. Nxh2 {[%emt 0:00:19]} Rh5 {[%emt 0:00:17]} 27. c4 {[%emt 0:04:59]} Rhg5 {[%emt 0:01:17]} 28. Rh1 {[%emt 0:03:12]} Rxg2 {[%emt 0:05:41]} 29. e5 {[%emt 0:08:28]} dxe5 {[%emt 0:01:31]} 30. dxe5 {[%emt 0:00:45]} Rg1+ {[%emt 0:01:59]} 31. Rd1 {[%emt 0:00:37]} Rxh1 {[%emt 0:00:51]} 32. Rxh1 {[%emt 0:00:01]} Nh7 {[%emt 0:00:52]} 33. Nf1 {[%emt 0:05:30]} Ng5 {[%emt 0:00:40]} 34. Rg1 {[%emt 0:00:13]} Rg6 {[%emt 0:00:07]} 35. Nh2 {[%emt 0:02:44]} Ne6 {[%emt 0:02:44]} 36. Ng4 {[%emt 0:01:17]} Nd4 {[%emt 0:03:45]} 37. Rh1 {[%emt 0:00:48]} Nxf3 {[%emt 0:00:07]} 38. Rxh3 {[%emt 0:00:08]} Rxg4 {[%emt 0:00:10]} 39. Rxf3 {[%emt 0:00:02]} Kd7 {[%emt 0:00:15]} 40. c5 {[%emt 0:00:38]} Ke6 {[%emt 0:00:40]} 41. c6 {[%emt 0:30:53]} Kxe5 {[%emt 0:31:46]} 42. Rd3 {[%emt 0:00:01]} f5 {[%emt 0:00:56]} 43. Kd1 {[%emt 0:00:54]} Rg1+ {[%emt 0:01:44]} 44. Ke2 {[%emt 0:00:12]} Rg2+ {[%emt 0:00:04]} 45. Kd1 {[%emt 0:00:12]} Ke4 {[%emt 0:00:26]} 46. Rd7 {[%emt 0:00:14]} f3 {[%emt 0:00:14]} 47. Ke1 {[%emt 0:00:36]} Rxc2 {[%emt 0:00:14]} 48. Rxc7 {[%emt 0:00:04]} f2+ {[%emt 0:00:11]} 49. Kf1 {[%emt 0:00:09]} Kf3 {[%emt 0:00:04]} 0-1

[Event "CZE-tht Extraliga 2018-19"]
[Site "Czech Republic"]
[Date "2019.02.09"]
[Round "7"]
[White "Cech, Pavel"]
[Black "Bures, Jaroslav"]
[Result "1/2-1/2"]
[WhiteElo "2325"]
[BlackElo "2395"]
[Annotator "NA"]
[PlyCount "109"]
[EventDate "2018.11.03"]
[EventType "team-tourn"]
[EventCountry "CZE"]
[SourceTitle "playchess.com"]
[Source "ChessBase"]
[SourceQuality "1"]
[WhiteTeam "Turnov"]
[BlackTeam "Poruba"]
[TimeControl "40/5400+30:1800+30"]

1. d4 {[%emt 0:00:00]} Nf6 {[%emt 0:00:00]} 2. Bg5 {[%emt 0:00:16]} d5 {[%emt 0:00:00]} 3. e3 {[%emt 0:01:49]} c5 {[%emt 0:00:00]} 4. c3 {[%emt 0:00:41]} Qb6 {[%emt 0:00:01]} 5. Qc1 {[%emt 0:03:01]} cxd4 {[%emt 0:02:29]} 6. exd4 {[%emt 0:00:27]} h6 {[%emt 0:02:20]} 7. Bh4 {[%emt 0:05:34]} Bf5 {[%emt 0:01:37]} 8. Be2 {[%emt 0:06:58]} Nbd7 {[%emt 0:00:24]} 9. Nf3 {[%emt 0:04:00]} e6 {[%emt 0:00:20]} 10. Nbd2 {[%emt 0:01:36]} Bd6 {[%emt 0:01:01]} 11. O-O {[%emt 0:03:57]} O-O {[%emt 0:00:18]} 12. Re1 {[%emt 0:03:44]} Qc7 13. Bg3 {[%emt 0:02:11]} Bxg3 {[%emt 0:11:06]} 14. hxg3 {[%emt 0:00:36]} Bh7 {[%emt 0:00:04]} 15. Bf1 {[%emt 0:06:51]} a6 {[%emt 0:02:04]} 16. a4 {[%emt 0:00:40]} Rfe8 {[%emt 0:00:02]} 17. Nb3 {[%emt 0:24:16]} Ne4 {[%emt 0:03:17]} 18. Qf4 {[%emt 0:02:19]} Qb6 {[%emt 0:03:49]} 19. Ra3 {[%emt 0:00:09]} f6 {[%emt 0:09:11]} 20. a5 {[%emt 0:02:12]} Qc6 $11 {[%emt 0:00:20]} 21. Nbd2 {[%emt 0:09:51]} e5 {[%emt 0:00:05]} 22. Qh4 {[%emt 0:00:37]} Nd6 {[%emt 0:13:30]} 23. dxe5 {[%emt 0:03:13]} fxe5 {[%emt 0:00:05]} 24. g4 {[%emt 0:01:33]} Nf7 {[%emt 0:00:57]} 25. Qg3 {[%emt 0:06:48]} Qf6 {[%emt 0:01:22]} 26. Rb3 {[%emt 0:01:21]} Rab8 {[%emt 0:01:33]} 27. Rb4 {[%emt 0:01:14]} Qd8 {[%emt 0:03:52]} 28. Nb3 {[%emt 0:01:30]} Bc2 {[%emt 0:02:40]} 29. Na1 {[%emt 0:01:35]} Be4 {[%emt 0:02:52]} 30. Nb3 {[%emt 0:00:03]} b5 {[%emt 0:05:52]} 31. axb6 {[%emt 0:00:55]} Rxb6 {[%emt 0:00:04]} 32. Ra1 {[%emt 0:00:58]} Rxb4 {[%emt 0:04:29]} 33. cxb4 {[%emt 0:00:03]} Qb6 {[%emt 0:00:02]} 34. Nbd2 {[%emt 0:01:25]} Qxb4 {[%emt 0:03:58]} 35. g5 {[%emt 0:00:43]} Bxf3 {[%emt 0:05:48]} 36. Nxf3 {[%emt 0:00:06]} a5 {[%emt 0:08:24]} 37. gxh6 {[%emt 0:00:39]} Nxh6 {[%emt 0:00:07]} 38. Qg6 {[%emt 0:00:40]} Nf6 {[%emt 0:06:12]} 39. Ng5 {[%emt 0:00:04]} Qb6 {[%emt 0:05:46]} 40. Ra3 {[%emt 0:01:59]} Rb8 {[%emt 0:03:14]} 41. Rh3 {[%emt 0:09:52]} Nfg4 {[%emt 0:04:06]} 42. Qh7+ {[%emt 0:04:56]} Kf8 {[%emt 0:00:04]} 43. Rf3+ {[%emt 0:01:34]} Nf6 {[%emt 0:00:42]} 44. Rxf6+ {[%emt 0:07:42]} Qxf6 {[%emt 0:00:15]} 45. Qh8+ {[%emt 0:00:15]} Ke7 {[%emt 0:00:02]} 46. Qxb8 {[%emt 0:00:05]} Qxg5 {[%emt 0:00:03]} 47. Qc7+ {[%emt 0:01:08]} Kf8 {[%emt 0:01:43]} 48. Qd6+ {[%emt 0:00:17]} Qe7 {[%emt 0:01:53]} 49. Qxd5 {[%emt 0:00:08]} Qc7 {[%emt 0:02:38]} 50. Bc4 {[%emt 0:00:09]} g6 {[%emt 0:00:05]} 51. g3 {[%emt 0:05:25]} Kg7 {[%emt 0:00:25]} 52. Kg2 {[%emt 0:00:13]} Nf5 {[%emt 0:02:16]} 53. Qg8+ {[%emt 0:00:25]} Kf6 {[%emt 0:00:33]} 54. Bd5 {[%emt 0:01:14]} Kg5 {[%emt 0:03:19]} 55. Be4 {[%emt 0:01:55]} 1/2-1/2

[Event "CZE-tht Extraliga 2018-19"]
[Site "Czech Republic"]
[Date "2019.02.09"]
[Round "7.1"]
[White "Korobov, Anton"]
[Black "Nguyen, Thai Dai Van"]
[Result "1-0"]
[WhiteElo "2687"]
[BlackElo "2542"]
[Annotator "TA"]
[PlyCount "103"]
[EventDate "2018.11.03"]
[EventType "team-tourn"]
[EventCountry "CZE"]
[SourceTitle "playchess.com"]
[Source "ChessBase"]
[SourceQuality "1"]
[WhiteTeam "Beskydska"]
[BlackTeam "Siesta"]

{[%evp 21,103,12,25,14,9,20,27,10,2,-19,81,75,73,73,126,127,127,125,127,119,129,129,220,216,218,197,219,215,264,270,262,265,265,252,324,280,322,297,316,317,338,333,329,334,339,339,326,335,341,341,341,341,342,342,341,342,335,323,379,372,320,298,293,271,288,210,220,221,224,189,184,191,1108,1108,926,680,822,752,29972,29973,29972,680,29973,12847]} 1. d4 Nf6 2. c4 e6 3. Nc3 Bb4 4. e3 O-O 5. Bd3 d5 6. a3 Bxc3+ 7. bxc3 dxc4 8. Bxc4 c5 9. Nf3 Qc7 10. Ba2 Nc6 11. O-O Rd8 12. Qe2 {E59: Nimzo-Indian: Rubinstein: Main Line: 7...Nc6 8 a3 Bxc3 9 bxc3 dxc4} h6 13. Bb2 e5 14. h3 {White has an edge.} Bf5 (14... Qe7 15. Rfd1 Bf5 16. Rac1 Rac8 17. d5 Nb8 18. c4 Nbd7 19. Nh4 Bh7 {0-1 (58) Akash Pc,I (2390)-Donchenko,A (2569) London 2017}) 15. d5 $146 ({Predecessor:} 15. Rad1 Be4 16. Nd2 Bc2 17. Rc1 Bg6 18. Rfd1 Bh5 19. f3 {½-½ (19) Petkov,S (2389)-Junge,W (2346) GER email 2014}) 15... Nb8 (15... Nxd5 16. Bxd5 Rxd5 17. e4 $18) (15... Rxd5 $11 {keeps the balance.} 16. Bxd5 Nxd5) 16. c4 $16 Nbd7 17. Nd2 $36 {[%mdl 2048] Keeping Black busy.} Re8 (17... Qb6 $142 18. Bc3 Be4) 18. e4 Bh7 19. Rae1 Re7 20. Bc3 Rae8 21. Bb3 g5 (21... Nb6 $16 22. Bc2 Bg6) 22. h4 $18 Bg6 23. Qe3 Nh7 24. Bd1 {aiming for h5.} Ndf6 25. g4 Nf8 26. hxg5 hxg5 27. Qxg5 N6h7 28. Qe3 f6 29. f4 exf4 30. Rxf4 Ng5 {[#] And now ...Qxf4! would win.} 31. Bxf6 (31. Rxf6 Nxe4 32. d6 Nxd6 $16) 31... Qxf4 32. Bxg5 Qxe3+ 33. Rxe3 ({Not} 33. Bxe3 Rxe4 34. Nxe4 Rxe4 $18) 33... Rxe4 34. Nxe4 Rxe4 35. Rxe4 Bxe4 {[%mdl 4096] Endgame KBB-KBN} 36. Be2 Kf7 37. Kf2 Nd7 38. Ke3 Bb1 39. Kf4 Ba2 40. Bd8 b5 41. cxb5 Bxd5 42. Ba5 Ke6 43. Bc3 Bb3 44. g5 Nb6 45. Bg4+ Kf7 {[#] Hoping for ...Nd5+.} 46. Bf3 Nd5+ $2 (46... Ba4 47. Be4 Bxb5 48. g6+ Ke7) 47. Bxd5+ $1 Bxd5 48. a4 Bc4 49. Ke5 Ke7 50. g6 Kd7 51. g7 a6 52. b6 {Accuracy: White = 82%, Black = 41%.} 1-0

[Event "CZE-tht Extraliga 2018-19"]
[Site "Czech Republic"]
[Date "2019.02.09"]
[Round "7.1"]
[White "Movsesian, Sergei"]
[Black "Kociscak, Jiri"]
[Result "1-0"]
[WhiteElo "2622"]
[BlackElo "2501"]
[Annotator "TA"]
[PlyCount "107"]
[EventDate "2018.11.03"]
[EventType "team-tourn"]
[EventCountry "CZE"]
[SourceTitle "playchess.com"]
[Source "ChessBase"]
[SourceQuality "1"]
[WhiteTeam "Pardubice"]
[BlackTeam "Ostrava"]

{[%evp 12,107,13,9,21,0,7,-63,63,-1,7,-38,-52,-72,-33,-33,-30,-33,-16,-78,-66,-80,-20,-27,-16,-44,-39,-40,-36,-36,0,-57,-47,-55,-9,-78,-74,-66,-58,-75,0,0,0,0,0,0,0,0,13,11,9,11,10,-73,-62,-70,53,33,118,129,126,110,145,157,212,179,315,313,302,281,498,490,482,470,468,455,447,437,442,429,1140,1075,1759,212,1782,1675,2008,2106,1804,1700,1908,1844,2990,3122,2944,2725,29987,29988]} 1. e4 e5 2. Nf3 Nc6 3. Nc3 Nf6 4. Bb5 Bd6 5. a3 (5. d3 a6 6. Ba4 b5 7. Bb3 Na5 8. d4 exd4 9. Qxd4 O-O 10. Bg5 Be7 11. e5 Ne8 12. Bxe7 Qxe7 13. Nd5 {½-½ (63) Hou,Y (2658)-Ponomariov,R (2686) Shenzhen 2018}) 5... O-O 6. d3 {C48: Four Knights: 4 Bb5, replies other than 4...Bb4} Re8 7. Bc4 {LiveBook: 11 Games} Nd4 8. h3 $146 {The position is equal.} ({Predecessor:} 8. Nxd4 exd4 9. Ne2 Bc5 10. Bg5 h6 11. Bxf6 Qxf6 12. O-O d6 {½-½ (58) Priyadharshan,K (2462)-Friedel,J (2513) Saint Louis 2015}) 8... c6 9. g4 (9. O-O $11) 9... Ne6 (9... Bc5 $15) 10. Ba2 (10. g5 $14) 10... Bc7 11. Be3 d5 {White must now prevent ...d4.} 12. g5 {[#]} Nxe4 $1 {[%mdl 512]} 13. dxe4 (13. Nxe4 dxe4) 13... d4 14. Bxe6 $1 Rxe6 15. Bd2 (15. Nxd4 $11 exd4 16. Qxd4) 15... dxc3 $17 16. Bxc3 Qf8 ({Black should try} 16... Qe7 $17) 17. Nh4 $11 g6 18. Ng2 f5 19. Ne3 fxe4 20. Ng4 Qf4 21. Qd2 (21. Bd2 $1 $11 Qf3 22. Qxf3 exf3 23. O-O-O) 21... Qf3 $15 22. Rg1 Re7 {And now ...Bxg4 would win.} 23. Nf6+ (23. Bb4 $1 $11 Bxg4 24. Bxe7) 23... Kh8 $17 24. Rd1 Be6 25. Qe3 Bf5 (25... Bxh3 $17 26. Qxe4 Qxe4+ 27. Nxe4 Bf5) 26. Rg3 $11 Qxe3+ 27. Rxe3 Rd8 28. Rxd8+ Bxd8 29. Nxe4 Re6 30. f4 Bb6 31. Re2 Bd4 32. Ng3 (32. fxe5 $11 {keeps the balance.} Bxc3+ 33. Nxc3) 32... Bxc3+ $17 33. bxc3 {[%mdl 4096] Endgame KRB-KRN} e4 ({Better is} 33... Bxh3 $15 34. fxe5 Kg7) 34. Rd2 Re7 (34... Bxh3 $14 35. Rd8+ Kg7) 35. Nxf5 gxf5 $16 {KR-KR} 36. Rd6 Kg7 37. Ke2 e3 (37... Kf8 $16 {keeps fighting.} 38. Ke3 Ke8) 38. h4 $1 $18 {[%cal Bh3h4,Bh4h5,Bh5h6][%mdl 32]} Re4 {[#]} (38... h5 {might work better.} 39. gxh6+ Kh7) 39. Rd4 $1 Re7 {[#]} 40. h5 $1 Kf7 $2 (40... h6 {was worth a try.} 41. g6 b6) 41. Rd6 Re4 42. Rd7+ Kg8 43. Rd4 Re7 44. h6 Kf7 45. Rd6 Re4 (45... Kg8 $142 46. a4 Rf7 47. Kxe3 Rc7) 46. Rd7+ Kg6 47. Rg7+ Kh5 48. Rxh7 Rxf4 49. Rg7 Rh4 50. h7 {Threatening mate with Kf3.} Kg4 51. Kxe3 f4+ 52. Ke4 f3 53. Ke3 Kg3 54. Rf7 {Precision: White = 68%, Black = 35%.} 1-0

[Event "CZE-tht Extraliga 2018-19"]
[Site "Czech Republic"]
[Date "2019.02.09"]
[Round "7.1"]
[White "Heberla, Bartlomiej"]
[Black "Konopka, Michal"]
[Result "1-0"]
[WhiteElo "2556"]
[BlackElo "2364"]
[Annotator "TA"]
[PlyCount "35"]
[EventDate "2018.11.03"]
[EventType "team-tourn"]
[EventCountry "CZE"]
[SourceTitle "playchess.com"]
[Source "ChessBase"]
[SourceQuality "1"]
[WhiteTeam "Brno"]
[BlackTeam "Siesta B"]

{[%evp 10,35,16,0,0,0,0,0,0,0,0,-2,0,0,0,0,16,14,30,31,27,32,50,51,76,83,770,766]} 1. e4 d5 2. exd5 Qxd5 3. Nf3 Bg4 4. Be2 Nc6 5. d4 O-O-O 6. c4 Qf5 {B01: Scandinavian Defence} 7. Be3 Bxf3 $1 (7... Nf6 8. Nbd2 e6 9. h3 Bxf3 10. Nxf3 Bb4+ 11. Kf1 e5 12. g4 Qd7 13. dxe5 {0-1 (36) Tomashevsky,E (2705)-Kovalenko,I (2657) St Petersburg 2018}) 8. Bxf3 Nxd4 $1 {The position is equal.} 9. Bxd4 Qe6+ {[%mdl 64] Double Attack} 10. Be2 Qe4 11. O-O {Hoping for Nc3.} Qxd4 12. Qa4 $1 {Threatens to win with Rd1.} e6 13. Nc3 $36 {[%mdl 2048] And now Rfd1 would win. Black is under pressure.} Qb6 $146 14. b4 Qxb4 (14... Bxb4 $2 15. Rab1 $16) 15. Qxa7 Qxc3 16. Bf3 $1 Bd6 {[#] ...Kd7 is the strong threat.} ({Don't blunder} 16... Qxc4 $2 17. Qxb7+ Kd7 18. Rfc1 $18) 17. Rfd1 $1 {[%mdl 1024] White has strong compensation.} ({Don't go for} 17. Bxb7+ $2 Kd7 $19) 17... Qb4 $2 {[%mdl 8192] [#]} ({Not} 17... Qxc4 $2 18. Bxb7+ Kd7 19. Rac1 $18) (17... Kd7 $16 18. c5 Ke7 19. cxd6+ cxd6) 18. c5 $1 {[%mdl 512] Accuracy: White = 100%, Black = 81%.} 1-0

[Event "CZE-tht Extraliga 2018-19"]
[Site "Czech Republic"]
[Date "2019.02.09"]
[Round "7.1"]
[White "Shengelia, David"]
[Black "Nabaty, Tamir"]
[Result "0-1"]
[WhiteElo "2528"]
[BlackElo "2688"]
[Annotator "TA"]
[PlyCount "78"]
[EventDate "2018.11.03"]
[EventType "team-tourn"]
[EventCountry "CZE"]
[SourceTitle "playchess.com"]
[Source "ChessBase"]
[SourceQuality "1"]
[WhiteTeam "Duras"]
[BlackTeam "Lysa nad Labem"]

{[%evp 9,78,18,25,31,24,21,48,-67,-69,-78,-77,-84,-18,-52,-64,-79,-39,-21,-7,-12,-31,-41,-16,-43,-20,-75,-62,-51,0,-205,-117,-109,-122,-81,-70,-120,-120,-122,-121,-117,-117,-129,-121,-119,-93,-118,-104,-114,-117,-148,-148,-147,-142,-180,-166,-446,-445,-682,-664,-789,-789,-775,-767,-750,-741,-655,-453,-5828,-5832,-4914,-4814]} 1. d4 d5 2. Nf3 e6 3. c4 dxc4 4. e3 b5 (4... c5 5. Bxc4 Nc6 6. O-O Nf6 7. Nc3 a6 8. d5 Na5 9. b3 b5 10. Bd3 exd5 11. e4 d4 12. e5 Nd5 13. Nxd5 Qxd5 14. Re1 Ra7 {1-0 (31) Gelfand,B (2673)-Inarkiev,E (2693) St Petersburg 2018}) 5. b3 cxb3 6. Bxb5+ {D21: Queen's Gambit Accepted: 3 Nf3 sidelines} c6 7. Bd3 Bb4+ 8. Ke2 $146 (8. Nbd2 $1 $14) ({Predecessor:} 8. Nfd2 bxa2 9. Rxa2 Nf6 10. O-O O-O 11. Qc2 Bb7 12. Ba3 {0-1 (43) Hoelzl,F (2364)-Sommerbauer,N (2452) Austria 2005}) 8... bxa2 $15 9. Rxa2 a5 $1 10. Ne5 Bb7 (10... Ne7 $17) 11. Qc2 Nf6 12. Bd2 O-O {White must now prevent ...c5.} (12... c5 $5 13. dxc5 Qd5 14. Bxb4 axb4 15. Rxa8 Bxa8 16. Qa4+ Ke7 $11) 13. Bxb4 axb4 14. Rxa8 Bxa8 15. Nd2 $1 Nbd7 16. Nxd7 Qxd7 17. Ne4 (17. Rb1 $11 {remains equal.}) 17... Nxe4 $17 18. Bxe4 c5 (18... f5 $15 19. Bd3 c5 $1 {[%mdl 512]} 20. Qxc5 Bxg2) 19. Bxa8 $2 (19. Bxh7+ $11 Kh8 20. Qxc5 {[%mdl 64] Double Attack} Kxh7 21. Qxf8 Qb5+ 22. Kd2) 19... Qb5+ (19... Rxa8 $19 20. Qxc5 Ra2+ 21. Kf3 Qd8) 20. Qd3 c4 21. Qe4 {With the idea Bc6.} c3+ 22. Qd3 Qxd3+ 23. Kxd3 {Threatens to win with Bf3.} Rxa8 {[%mdl 4096] Endgame KR-KR} 24. Rb1 Rb8 25. Kc2 h5 26. Kb3 g5 27. Ra1 Rb5 28. Ra8+ Kg7 29. Rc8 Kf6 30. f3 Ke7 31. Rc7+ Kd6 $1 {[%cal Rd6c7]} 32. Rxf7 $2 {[#]} (32. Rc8 {might work better.}) 32... Ra5 $1 $19 {[%cal Ra5a3] Black is clearly winning.} 33. Rf8 {[#]} (33. Rb7 $142 Ra3+ 34. Kc2 Ra2+ 35. Kc1) 33... Ra1 $1 34. Rc8 Rb1+ 35. Kc2 Rb2+ 36. Kd3 Rxg2 37. h3 Rg1 38. e4 (38. Rb8 $142 Rb1 39. Rb6+ Ke7 40. Kc2 Rb2+ 41. Kc1) 38... b3 39. e5+ Kd7 {Accuracy: White = 27%, Black = 58%.} 0-1

[Event "CZE-tht Extraliga 2018-19"]
[Site "Czech Republic"]
[Date "2019.02.09"]
[Round "7.1"]
[White "Molenda, Marcin"]
[Black "Harikrishna, Pentala"]
[Result "0-1"]
[WhiteElo "2393"]
[BlackElo "2726"]
[Annotator "TA"]
[PlyCount "100"]
[EventDate "2018.11.03"]
[EventType "team-tourn"]
[EventCountry "CZE"]
[SourceTitle "playchess.com"]
[Source "ChessBase"]
[SourceQuality "1"]
[WhiteTeam "Cesky Tesin"]
[BlackTeam "Novoborsky"]

{[%evp 16,100,8,19,62,49,64,45,43,36,64,34,37,27,29,15,28,17,23,1,6,7,18,0,0,0,0,0,0,0,0,0,0,0,0,0,0,0,0,0,0,0,0,-14,-14,-14,-15,-22,-24,-32,-12,-83,-80,-80,-80,-80,-86,-77,-80,-82,-82,-81,-77,-88,-83,-83,-85,-80,-77,-90,-84,-140,-124,-139,-83,-217,-218,-292,-292,-291,-285,-280,-281,-757,-709,-1412,-812]} 1. d4 Nf6 2. c4 g6 3. g3 Bg7 4. Bg2 d5 5. cxd5 Nxd5 6. Nf3 O-O 7. O-O Nb6 8. Nc3 Nc6 9. e3 e6 {D76: Fianchetto Grünfeld: Main Line with 7...Nb6} (9... e5 10. d5 Na5 11. b3 e4 12. Nd4 Nxd5 13. Nxe4 b6 14. b4 Nxb4 15. Ba3 c5 16. Nxc5 bxc5 17. Bxa8 Ba6 18. Bg2 Bxf1 19. Bxf1 {½-½ (32) Mamedyarov,S (2817)-Radjabov,T (2757) Wijk aan Zee 2019}) 10. b3 e5 {[%cal Re5d4]} 11. Nxe5 Nxe5 {White is slightly better.} 12. dxe5 Bxe5 {Threatens to win with ...Qxd1.} 13. Bb2 (13. Qc2 {is interesting.} Qe7 14. a4 Qc5 15. Bb2 Rd8 16. a5) 13... Qxd1 14. Rfxd1 c6 15. Rd2 Be6 $146 ({Predecessor:} 15... Bf5) 16. Rad1 f5 17. f4 Bxc3 18. Bxc3 Bd5 19. e4 Bxe4 20. Bxe4 fxe4 21. Re1 Nd5 22. Bd4 Rfe8 23. Rde2 b6 24. Rxe4 Rxe4 25. Rxe4 $11 {[%mdl 4096] Endgame KRB-KRN} c5 26. Bb2 Rd8 27. a3 Kf7 28. Kf2 b5 29. Kf3 Nb6 30. Ke2 c4 31. bxc4 Nxc4 32. Bc1 a5 33. a4 {[#]} (33. g4 $11 {keeps the balance.}) 33... Rc8 $1 $17 34. axb5 Nd6 $1 {[%csl LRb5,LRc1,LRe4][%mdl 64] Double Attack, Discovered Attack} 35. Rd4 Nxb5 36. Rd7+ Ke6 37. Rb7 Nd6 ({Reject} 37... Rxc1 38. Rxb5 Ra1 39. Kd3 $11) 38. Rb1 Rc2+ 39. Kf3 Rxh2 {Hoping for ...Rh1.} 40. Be3 Rc2 {...Nc4 is the strong threat.} 41. Rb6 Kd5 {And now ...Rc3 would win.} 42. Ra6 Ra2 43. Bb6 (43. g4 $142) 43... a4 44. Ra5+ Kc6 (44... Kc4 $142 45. g4 Ra3+ 46. Ke2 Kb4) 45. Be3 (45. Bd4 $17 {might work better.}) 45... Ra3 $19 46. Rc5+ Kd7 {aiming for ...Nf5.} 47. g4 Rb3 48. Ke2 {[#]} Nb5 $1 49. f5 $2 (49. Bc1) 49... a3 50. Bf4 Nc3+ {Accuracy: White = 54%, Black = 71%.} 0-1

[Event "CZE-tht Extraliga 2018-19"]
[Site "Czech Republic"]
[Date "2019.02.09"]
[Round "7.2"]
[White "Navara, David"]
[Black "Straka, Vojtech"]
[Result "1-0"]
[WhiteElo "2738"]
[BlackElo "2362"]
[Annotator "TA"]
[PlyCount "47"]
[EventDate "2018.11.03"]
[EventType "team-tourn"]
[EventCountry "CZE"]
[SourceTitle "playchess.com"]
[Source "ChessBase"]
[SourceQuality "1"]
[WhiteTeam "Novoborsky"]
[BlackTeam "Cesky Tesin"]

{[%evp 24,47,64,57,64,52,78,67,75,35,24,39,54,37,54,65,60,0,190,191,199,215,467,-21,477,502]} 1. e4 c5 2. Nf3 g6 3. d4 cxd4 4. Nxd4 Nc6 5. Nc3 Bg7 6. Be3 Nf6 7. Bc4 O-O 8. Bb3 a5 9. Ndb5 {B35: Sicilian: Accelerated Dragon with 5 Nc3: main line} (9. O-O a4 10. Nxa4 Nxe4 11. Nb5 Ra6 12. f3 Nf6 13. c4 d6 14. Nac3 Na5 15. Rc1 Be6 16. Ne2 d5 17. c5 Nxb3 18. axb3 Bd7 19. Nbc3 {1-0 (36) Almasi,Z (2689)-Istratescu,A (2602) Bastia 2015}) 9... d6 10. O-O b6 11. Qe2 Ba6 12. Rad1 Nd7 13. f4 {LiveBook: 5 Games} Nc5 14. Bc4 a4 $146 ({Predecessor:} 14... Qc8 15. Nd5 Qb7 16. c3 Rfd8 17. Ndc7 Bxb5 18. Nxb5 {0-1 (35) Jasny,S (2371)-Straka,V (2302) Czech Republic 2015}) 15. e5 {[%cal Re5d6]} Na5 16. Nxd6 exd6 17. Bxa6 Nxa6 18. Rxd6 Qc8 {Threatens to win with ...a3!} 19. Nd5 $1 $36 {[%cal Rd5e7][%mdl 2048] White has good play.} Qc4 20. Qd2 ({White should play} 20. Qf3 $14 Rad8 21. Ne7+ (21. Bxb6 Rxd6 22. exd6 Bxb2 $11) 21... Kh8 22. Rxb6 (22. Rxd8 Rxd8 23. Bxb6 Rb8 $17)) 20... Qe4 $2 {[#]} (20... Qxa2 $11 21. Nxb6 Nc7) 21. b3 $1 $18 ({Weaker is} 21. Bxb6 Nc4 $17) 21... axb3 22. axb3 Nb7 $2 {[#]} (22... Nc5 {was necessary.} 23. Nxb6 Ncb7) 23. Ne7+ $1 Kh8 24. Rd4 {Precision: White = 83%, Black = 47%.} 1-0